| 000 | 00405nam a2200145Ia 4500 | ||
|---|---|---|---|
| 005 | 20250603145837.0 | ||
| 008 | 250603s9999 xx 000 0 und d | ||
| 020 | _a9782368725226 | ||
| 050 | _aHC 1055 .C43/ | ||
| 100 | _aEdited by Charles N. O. Mordi; Abwaku Englama & Banji S. Adebusuyi | ||
| 245 | 4 | _aThe changing structure of the Nigerian Economy | |
| 260 | _c2010 | ||
| 300 | _a677 p | ||
| 942 | _cBK | ||
| 999 |
_c43023 _d43023 |
||